Call of Duty Franchise - Statistics

General Stats
  • This quiz has been taken 64 times
  • The average score is 16 of 32
Answer Stats
Type Year Name Info % Correct
Video Game 2007 Call of Duty 4: Modern Warfare Activision
100%
Video Game 2010 Call of Duty: Black Ops Activision
96%
Video Game 2019 Call of Duty: Modern Warfare Activision
96%
Video Game 2012 Call of Duty: Black Ops II Activision
94%
Video Game 2003 Call of Duty Activision / Aspyr
92%
Video Game 2018 Call of Duty: Black Ops 4 Activision
92%
Video Game 2015 Call of Duty: Black Ops III Activision
92%
Video Game 2009 Call of Duty: Modern Warfare 2 Activision
88%
Video Game 2005 Call of Duty 2 Activision / Aspyr
86%
Video Game 2011 Call of Duty: Modern Warfare 3 Activision
84%
Video Game 2006 Call of Duty 3 Activision
82%
Video Game 2017 Call of Duty: WWII Activision
73%
Video Game 2014 Call of Duty: Advanced Warfare Activision
71%
Video Game 2008 Call of Duty: World at War Activision
67%
Video Game 2013 Call of Duty: Ghosts Activision
65%
Video Game 2016 Call of Duty: Infinite Warfare Activision
63%
Video Game 2005 Call of Duty 2: Big Red One Activision
35%
Video Game 2019 Call of Duty: Mobile Activision
29%
Video Game 2016 Call of Duty: Modern Warfare Remastered Activision
29%
Video Game 2004 Call of Duty: Finest Hour Activision
20%
Video Game 2012 Call of Duty: Black Ops: Declassified Activision
18%
Video Game 2009 Call of Duty: Zombies Activision
18%
Video Game 2014 Call of Duty: Heroes Activision
12%
Video Game 2007 Call of Duty: Roads to Victory Activision
12%
Video Game 2013 Call of Duty: Strike Team Activision
12%
Video Game 2004 Call of Duty: United Offensive Activision / MediaQuest / Aspyr
12%
Video Game 2008 Call of Duty: World at War - Final Fronts Activision
10%
Short Film 2011 Find Makarov: Operation Kingfish Activision
8%
Video Game 2011 Call of Duty: Black Ops - Zombies Activision
6%
Video Game 2011 Call of Duty: Modern Warfare 3 - Defiance Activision
4%
Video Game 2009 Call of Duty: Modern Warfare: Mobilized Activision
4%
Comic Mini-Series 2009 Modern Warfare 2: Ghost WildStorm
2%
No matching quizzes found
Score Distribution
Percent of People with Each Score
Percentile by Number Answered
Your Score History
You have not taken this quiz